<?xml version="1.0" encoding="UTF-8"?><record xmlns="http://www.loc.gov/MARC21/slim" xmlns:zs="http://docs.oasis-open.org/ns/search-ws/sruResponse">
  <leader>02115crm a22004933  4500</leader>
  <controlfield tag="001">23585079</controlfield>
  <controlfield tag="005">20250607125347.4</controlfield>
  <controlfield tag="006">m    |o  d |      </controlfield>
  <controlfield tag="007">cr |||||||||||</controlfield>
  <controlfield tag="007">zm</controlfield>
  <controlfield tag="008">240202s1862    gw nnn            rnzxx  </controlfield>
  <datafield ind1=" " ind2=" " tag="035">
    <subfield code="a">23585079</subfield>
  </datafield>
  <datafield ind1=" " ind2=" " tag="906">
    <subfield code="a">0</subfield>
    <subfield code="b">ibc</subfield>
    <subfield code="c">orignew</subfield>
    <subfield code="d">u</subfield>
    <subfield code="e">ncip</subfield>
    <subfield code="f">20</subfield>
    <subfield code="g">y-genmusic</subfield>
  </datafield>
  <datafield ind1=" " ind2=" " tag="010">
    <subfield code="a">  2023866664</subfield>
  </datafield>
  <datafield ind1=" " ind2=" " tag="035">
    <subfield code="a">(DLC)dcmflute.1391</subfield>
  </datafield>
  <datafield ind1=" " ind2=" " tag="035">
    <subfield code="a">(DLC)musdcmflute.1391</subfield>
  </datafield>
  <datafield ind1=" " ind2=" " tag="040">
    <subfield code="a">DLC</subfield>
    <subfield code="b">eng</subfield>
    <subfield code="c">DLC</subfield>
  </datafield>
  <datafield ind1="0" ind2="0" tag="050">
    <subfield code="a">ML30.4a</subfield>
  </datafield>
  <datafield ind1="0" ind2="0" tag="245">
    <subfield code="a">Walking Stick Flute in C, DCM 1391.</subfield>
  </datafield>
  <datafield ind1=" " ind2="0" tag="264">
    <subfield code="a">Berchtesgaden,</subfield>
    <subfield code="c">1862.</subfield>
  </datafield>
  <datafield ind1=" " ind2=" " tag="300">
    <subfield code="a">1 musical instrument ;</subfield>
    <subfield code="c">90.4 cm</subfield>
  </datafield>
  <datafield ind1=" " ind2=" " tag="336">
    <subfield code="a">three-dimensional form</subfield>
    <subfield code="b">tdf</subfield>
    <subfield code="2">rdacontent</subfield>
  </datafield>
  <datafield ind1=" " ind2=" " tag="337">
    <subfield code="a">unmediated</subfield>
    <subfield code="b">n</subfield>
    <subfield code="2">rdamedia</subfield>
  </datafield>
  <datafield ind1=" " ind2=" " tag="338">
    <subfield code="a">object</subfield>
    <subfield code="b">nr</subfield>
    <subfield code="2">rdacarrier</subfield>
  </datafield>
  <datafield ind1=" " ind2=" " tag="500">
    <subfield code="a">The upper end is trimmed back to shoulder to receive a ferrule. The present brass ferrule may be original, but now is much too large. The upper end of the instrument appears to have been shortened, purpose unknown.</subfield>
  </datafield>
  <datafield ind1=" " ind2=" " tag="500">
    <subfield code="a">Instrument type: Walking Stick Flute in C</subfield>
  </datafield>
  <datafield ind1=" " ind2=" " tag="500">
    <subfield code="a">Materials: Unidentified light hard wood, wooden pommel, brass key and ferrules, metal tip.</subfield>
  </datafield>
  <datafield ind1=" " ind2=" " tag="500">
    <subfield code="a">1 piece.</subfield>
  </datafield>
  <datafield ind1=" " ind2=" " tag="500">
    <subfield code="a">Key Holes System: 1 key, round flat flap set into body of instrument with raised touch piece. 2 vent holes below E-flat key.</subfield>
  </datafield>
  <datafield ind1=" " ind2=" " tag="500">
    <subfield code="a">Mark Maximum: (rosette) / PAUL WALCH / BERCHTESGADEN / C</subfield>
  </datafield>
  <datafield ind1=" " ind2=" " tag="500">
    <subfield code="a">Mark Additional: Mark at top.</subfield>
  </datafield>
  <datafield ind1=" " ind2=" " tag="500">
    <subfield code="a">Condition: See Notes.</subfield>
  </datafield>
  <datafield ind1=" " ind2=" " tag="500">
    <subfield code="a">Provenance: Sadie Huntington, Pittsfield, Massachusetts, 2 Nov. 1939.</subfield>
  </datafield>
  <datafield ind1=" " ind2=" " tag="500">
    <subfield code="a">Location: N13.</subfield>
  </datafield>
  <datafield ind1="0" ind2=" " tag="588">
    <subfield code="a">Record created through migration from the Performing Arts Encyclopedia Database.</subfield>
  </datafield>
  <datafield ind1=" " ind2="0" tag="650">
    <subfield code="a">Flute</subfield>
    <subfield code="v">Specimens.</subfield>
  </datafield>
  <datafield ind1=" " ind2="7" tag="655">
    <subfield code="a">flutes</subfield>
    <subfield code="2">aat</subfield>
  </datafield>
  <datafield ind1="1" ind2=" " tag="720">
    <subfield code="a">Paul Walch</subfield>
  </datafield>
  <datafield ind1="0" ind2="8" tag="773">
    <subfield code="i">Holding of:</subfield>
    <subfield code="a">Dayton C. Miller flute collection, 1880-2000 (bulk 1905-1941)</subfield>
    <subfield code="n">DCM 1391</subfield>
    <subfield code="w">(DLC)  2004567907</subfield>
  </datafield>
  <datafield ind1="0" ind2=" " tag="852">
    <subfield code="b">c-Music</subfield>
    <subfield code="h">ML30.4a</subfield>
    <subfield code="z">Dayton C. Miller flute collection, DCM 1391 (N13)</subfield>
  </datafield>
  <datafield ind1="4" ind2="1" tag="856">
    <subfield code="3">Pictures of instrument</subfield>
    <subfield code="u">http://hdl.loc.gov/loc.music/dcmflute.1391</subfield>
  </datafield>
  <datafield ind1=" " ind2=" " tag="985">
    <subfield code="e">music/musdcmflute</subfield>
  </datafield>
  <datafield ind1=" " ind2=" " tag="985">
    <subfield code="e">music/miller</subfield>
  </datafield>
  <datafield ind1=" " ind2=" " tag="985">
    <subfield code="a">pae-migration</subfield>
  </datafield>
</record>
